Регионална библиотека "Любен Каравелов" - Русе

Популярни естрадни песни (Запис номер 349615)

MARC детайли
000 -Лидер
Контролно поле с фиксирана дължина ncm a22 a 4500
003 - Код на организацията, давaща контролен номер
Контролно поле BLK
005 - Дата и час на последна редакция
Контролно поле 20200515082249.0
008 - Елементи от данни с фиксирана дължина
fixed length control field 180414b bul |a|er|||| |0| c|bulo|
010 ## - Наследен системен номер
LC control number NOT00003959000
040 ## - Източник на каталожния запис
Идентификатор на билиотеката - собственик на записа BLK
041 ## - Код за език
Код за езика на текст/звукозапис или на отделно заглавие Български
Код за езика КДБФ Български
080 ## - УДК
Текстов определител УДК Естрадни песни
УДК код - определител по УДК 784.7
УДК - код + определител 784.7
139 ## - Редно поле
Редна дума Популярни естрадни песни
Авторски знак Попт - П 78
245 10 - Сведения за заглавието
Заглавие Популярни естрадни песни
Редно поле (дума) състав.Илия Илиев; състав. Петър Ступел
254 ## - Сведения за формата на нотното издание
Формат на описваните ноти Клавир
257 ## - Страна на издаване
Страна на създаване/издаване България
260 ## - Област на издателските данни
Име на издателя, разпространителя и проч. Наука и изкуство
Година на издаване 1964
Място на издаване, разпространение и проч. София
300 ## - Физическа характеристика
Страници 88 с.
Размери/Мащаб 29 см
380 ## - Жанр
Жанр Изкуство
650 #4 - Допълнително описание по предмет – тема
Основно описание – тема или топоним Песни, естрадни
9 (RLIN) 317140
653 ## - Ключова дума – ненормативна
Ключова дума естрадни песни
700 1# - Други автори (авторска отговорност)
Лично име Илиев, Илия
Автороска отговорност (Описва отношението между автора и произведението) състав.
9 (RLIN) 379540
700 1# - Други автори (авторска отговорност)
Лично име Ступел, Петър
Автороска отговорност (Описва отношението между автора и произведението) състав.
9 (RLIN) 389267
852 ## - Местоположение
Форматна сигнатура Цб М ІІ 3108
Фондова буква Отдел Изкуство - подръчен фонд
Систематично-азбучна сигнатура 784.7/П 78
856 4# - Електронен адрес и достъп
Електронен формат pdf - файл
Път до файла /url/
856 4# - Електронен адрес и достъп
Електронен формат pdf - файл
Път до файла /url/
999 ## - СИСТЕМНИ КОНТРОЛНИ НОМЕРА
Koha biblionumber 349615
Koha biblioitemnumber 349615
942 ## - АРТИКУЛИ
Вид на библиотечния материал Нотни издания
Скрит в OPAC Не
Периодичен библиозапис Да
944 ## - СЪЗДАВАНЕ И РЕДАКЦИЯ на ЗАПИСА
Създаване/Редакция Създаване
Дата на регистрацията/редакция 2020-03-26
Служител, извършил регистрацията/редакцията Атанаска Минкова
999 ## - СИСТЕМНИ КОНТРОЛНИ НОМЕРА
Koha biblioitemnumber 349615
999 ## - СИСТЕМНИ КОНТРОЛНИ НОМЕРА
Koha biblioitemnumber 349615
999 ## - СИСТЕМНИ КОНТРОЛНИ НОМЕРА
Koha biblioitemnumber 321469
Наличности
Код за отписване Код за изгубен артикул Източник на класификационната схема Код за повреда Коз за рестрикции Код за отдаване Артикулен № Име на библиотеката - собственик Име на библиотеката, в която се намира в момента Статус (Текущо местоположение) Дата на вписване в системата Местоположение - отдел Цена в лева Инвентарен номер Систематично азбучна сигнатура Баркод Цена в евро Служебен тип на артикула
  Не е изгубен Universal Decimal Classification Не е повреден без рестрикции заемане за дома 757039 Регионална библиотека "Любен Каравелов" Русе Регионална библиотека "Любен Каравелов" Русе Отдел Изкуство - подръчен фонд 2020-03-30 Отдел Изкуство - подръчен фонд 2.56 16933/64 784/П 78 900000002830 1.31 Нотни издания
  Не е изгубен Universal Decimal Classification Не е повреден   ползва се в читалня 769880 Регионална библиотека "Любен Каравелов" Русе Регионална библиотека "Любен Каравелов" Русе Хранилище 2020-05-15 Хранилище 2.56 16485/64 Цб М ІІ 3108 900000008095 1.31 Нотни издания
Vip Innovations Ltd, Rousse, Bulgaria 2025